Score 0/9 Timer 05:00
0 Plays Today
Hint Answer % Correct
Arsenal 2000, 2003, 2004, 2005, 2006Thierry Henry
98.6%
Chelsea 2014, 2018Eden Hazard
67%
Chelsea 2000, 2002, 2004 Middlesbrough 2004Jimmy Floyd Hasselbaink
65.2%
Liverpool 2000Emile Heskey
29.7%
Chelsea 1996Mark Hughes
25.5%
Coventry City 1998, 1999Darren Huckerby
24.7%
West Ham 2005Marlon Harewood
13.4%
Wimbledon 1994Dean Holdsworth
12.1%
Middlesbrough 1992John Hendrie
8.1%
Remove Ads.
Support Sporcle.
Get the best of Sporcle when you Go Orange. This ad-free experience offers more features, more stats, and more fun while also helping to support Sporcle. Thank you for becoming a member.

You're not logged in!

Compare scores with friends on all Sporcle quizzes.
OR
Log In

Show Comments

Extras

Top Quizzes Today


Score Distribution

Your Account Isn't Verified!

In order to create a playlist on Sporcle, you need to verify the email address you used during registration. Go to your Sporcle Settings to finish the process.

Report this User

Report this user for behavior that violates our Community Guidelines.

Details: